| 000 | 00669nam a22001697a 4500 | ||
|---|---|---|---|
| 008 | 151217b xxu||||| |||| 00| 0 eng d | ||
| 050 | _aBR128.B8.K76 | ||
| 100 |
_aKodithuwakku Kankanamalage, Indunil Janakaratne _921378 |
||
| 245 |
_aConversion Debate between Buddhists and Christians in Sri Lanka since 1990 in an era of globalization: _ba missiological appraisal |
||
| 260 |
_aRome _bPontificia Universitas Urbaniana _c2007 |
||
| 300 |
_avi, 163p. _c24cm. |
||
| 500 | _aThesis | ||
| 650 |
_aChristianity _xRelations _xBuddism _921379 |
||
| 650 |
_aBuddhism _xRelations _xChristianity _921380 |
||
| 650 |
_aCatholic church in Sri Lanka _921370 |
||
| 942 |
_2lcc _cMONOGRAPH |
||
| 999 |
_c123898 _d123898 |
||